[Event "Istanbul Open 2017"]
[Site "Istanbul"]
[Date "2017.09.16"]
[Round "8"]
[White "Petrov, Marian"]
[Black "Zeydan, Salih"]
[Result "1-0"]
[WhiteElo "2470"]
[BlackElo "2057"]
[Annotator "TA"]
[PlyCount "107"]
[EventDate "2017.??.??"]
[EventType "swiss"]
[EventCountry "TUR"]
[SourceTitle "playchess.com"]
[Source "ChessBase"]
[SourceQuality "1"]

{[%evp 17,107,30,27,25,17,11,27,30,43,27,34,27,31,37,33,0,21,15,25,39,35,0,20,-8,15,0,6,0,0,0,0,0,44,14,46,31,114,18,61,0,0,0,5,0,6,0,0,0,0,0,0,-260,-264,-302,-310,-312,0,-267,-85,-56,-56,-36,0,0,0,0,140,130,546,521,521,507,321,619,672,669,960,947,915,912,895,879,867,858,837,734,5699,6231,4986,5014,1746,1734]} 1. e4 {[%cal Be2e4,Be4e5][%mdl 32]} c5 2. c3 g6 3. d4 cxd4 4. cxd4 d5 5. e5 Nc6 6. Nc3 Bg7 7. Bf4 {B22: Sicilian: 2 c3} f6 8. Bb5 Nh6 9. exf6 exf6 {LiveBook: 3 Games} 10. Nge2 (10. h4 O-O 11. Qd2 Nf5 12. Nge2 Re8 13. O-O-O Nd6 14. h5 g5 15. Bxd6 Qxd6 {1-0 (32) Nabaty,T (2649)-Popovic,D (2515) Budapest 2017}) 10... O-O 11. Rc1 $146 {Threatens to win with Nxd5.} ({Predecessor:} 11. O-O Be6 12. Qd2 Nf5 13. Bxc6 bxc6 14. Rac1 Qa5 15. Rfe1 Bf7 {1-0 (44) Nikolovska,D (1876)-Schucman,R (1672) Al Ain 2013}) 11... Nf7 12. O-O a6 13. Bxc6 bxc6 14. Na4 Bd7 15. Nc5 Re8 16. Bg3 Ng5 17. Nc3 Ne6 18. N3a4 Nxc5 19. dxc5 f5 20. f3 Re6 21. Bf2 Qf6 22. Nb6 Rd8 23. Rc2 Be8 24. Qd3 d4 25. Qxa6 d3 26. Rd2 f4 (26... Re2 $14 27. Rxe2 dxe2 28. Qxe2 Qxb2 29. Qe6+ Bf7 30. Qxc6 Qe2) 27. Rc1 (27. Na4 $16) 27... Qf5 28. Rcd1 (28. Nc4 $14) 28... Bd4 $1 $11 29. b4 Qe5 30. h3 Bxf2+ 31. Rxf2 d2 32. Qf1 Qc3 {...Re1 is the strong threat.} 33. Qc4 Qe3 {Hoping for ...Bf7.} 34. Na4 $2 {[%mdl 8192] [#]} (34. Qf1 $1 $11) 34... Bf7 $1 $19 35. Qc2 {[%cal Rd1d2]} Qe1+ $1 36. Rf1 Qe3+ $2 ({Better is} 36... Re2 $19 {( -> ...Qg3)} 37. Nc3 {[#]} Rf2 $1 {[%mdl 512]} 38. Rdxe1 dxe1=Q 39. Qxf2 Qxc3) 37. Kh2 $2 {[%mdl 8192]} (37. Rf2 $1 $11 {and White is okay.}) 37... Re7 $2 (37... g5 $19 {has better winning chances.} 38. Nb6 Bg6) 38. Nc3 $17 {[%cal Ba4c3,Bc3e4,Be4d6][%mdl 32]} Bc4 {[%mdl 1024] Black has compensation.} 39. Rg1 $1 {White wants to play Nb1.} Be6 40. Ne4 {[%cal Re4d2]} Bf5 $1 {[%cal Re7e4] White must now prevent ...Rxe4.} 41. Qc4+ Kg7 (41... Be6 $11 {keeps the balance.} 42. Qa6 Bf5) 42. Nd6 $16 Qf2 $2 {[%mdl 8192]} (42... Rdd7 $16 {is a better chance.}) 43. Qc3+ $18 Kg8 44. Rxd2 Qg3+ 45. Kh1 Bxh3 {White is clearly winning.} 46. gxh3 Re1 47. Rxe1 Qxe1+ 48. Kg2 Qg3+ 49. Kf1 Qxh3+ 50. Ke2 Rd7 51. Qc4+ Kf8 52. Qxf4+ Kg8 53. Kf2 Re7 54. Ne4 {Precision: White = 60%, Black = 26%.} 1-0

[Event "Istanbul Open 2017"]
[Site "Istanbul"]
[Date "2017.09.16"]
[Round "8"]
[White "Markidis, Konstantinos"]
[Black "Bogdanovich, Stanislav"]
[Result "0-1"]
[WhiteElo "2350"]
[BlackElo "2593"]
[Annotator "TA"]
[PlyCount "68"]
[EventDate "2017.??.??"]
[EventType "swiss"]
[EventCountry "TUR"]
[SourceTitle "playchess.com"]
[Source "ChessBase"]
[SourceQuality "1"]

{[%evp 16,68,42,42,52,41,57,44,43,22,92,33,44,25,43,0,0,-16,27,-16,-9,-20,-13,-60,-67,-147,-66,-175,0,-141,-150,-193,-192,-279,-239,-287,-268,-266,-262,-248,-264,-262,-256,-268,-260,-261,13,-253,-253,-262,-257,-259,-239,-457,-463]} 1. e4 g6 2. d4 Bg7 3. Nf3 d6 4. c3 Nf6 5. Bd3 O-O 6. O-O Nc6 7. Re1 e5 8. d5 Ne7 9. c4 {LiveBook: 5 Games. B07: Pirc Defence: Miscellaneous Systems} h6 (9... Nh5 10. Nc3 f5 11. exf5 Nxf5 12. Ne4 Nf4 13. Bxf4 exf4 14. Neg5 Qf6 15. Rb1 Bd7 16. Ne6 Rfe8 17. Nxc7 Rxe1+ 18. Qxe1 {1-0 (60) Gelfand,B (2741)-Petrosian,T (2625) Berlin 2015}) 10. Nc3 Nd7 11. Rb1 $146 {White is slightly better.} ({Find the theoretical novelty and annotate with similar games:} 11. Be3 f5 12. a3 f4 13. Bd2 g5 14. h3 Ng6 15. b4 Nf6 16. c5 g4 17. hxg4 Nxg4 {1-0 (39) Learte Pastor,T (2336)-Bernal Caamano,J (2420) ICCF email 2006}) 11... f5 12. b4 f4 (12... a5 $11 {keeps the balance.}) 13. Nd2 (13. c5 $16) 13... g5 $14 14. Be2 Nf6 15. f3 h5 16. c5 Ng6 17. Nc4 Rf7 18. a4 Bf8 19. Ba3 g4 20. Kh1 (20. Qd2 $15) 20... Rg7 (20... g3 $1 $17) 21. Rb2 ({White should try} 21. Qd2 $15) 21... Nh4 $2 (21... g3 $1 $19) 22. Bf1 (22. Rg1 $11 {remains equal.}) 22... Nh7 $17 {[%cal Bf6h7,Bh7g5,Bg5e4][%mdl 32]} 23. Nd2 Ng5 24. Rc2 (24. b5 $142) 24... Qf6 $19 25. cxd6 gxf3 26. Nxf3 Bg4 ({Weaker is} 26... Ngxf3 27. gxf3 Qg6 28. Bd3 $15) 27. Be2 Nxg2 28. Kxg2 {[#]} Nxe4 $1 29. Nxe4 {[#]} Bh3+ $1 $40 {[%mdl 128] Black is out for blood.} 30. Kh1 (30. Kf2 Rg2+ 31. Kf1 Qg6 $19) 30... Bg2+ 31. Kg1 Bxf3+ $1 32. Ng3 Bxe2 33. Rexe2 Bxd6 ({Don't take} 33... fxg3 34. Rg2 $19) 34. Rf2 $2 (34. Rg2 fxg3 35. Rxg3 Rxg3+ 36. hxg3) 34... h4 {Precision: White = 19%, Black = 67%.} 0-1

[Event "Istanbul Open 2017"]
[Site "Istanbul"]
[Date "2017.09.16"]
[Round "8"]
[White "Citak, Selim"]
[Black "Erdogan, Anil Berk"]
[Result "0-1"]
[WhiteElo "2318"]
[BlackElo "2106"]
[Annotator "TA"]
[PlyCount "105"]
[EventDate "2017.??.??"]
[EventType "swiss"]
[EventCountry "TUR"]
[SourceTitle "playchess.com"]
[Source "ChessBase"]
[SourceQuality "1"]

1. d4 {Program Activation Required} Nf6 2. c4 c5 3. d5 e6 4. Nc3 exd5 5. cxd5 d6 6. e4 g6 7. Nge2 a6 8. a4 Bg7 9. Ng3 O-O 10. Be2 Nbd7 11. O-O Rb8 12. Bg5 {A65: Benoni} h6 13. Be3 Ne8 14. Qd2 Kh7 15. f4 Nc7 16. Rad1 $146 ({Vorgänger:} 16. e5 b6 17. e6 fxe6 18. dxe6 {1-0 (27) Nosenko,A (2492)-Maslov,I (2202) Voronezh 2014}) 16... b5 17. e5 dxe5 18. f5 c4 19. Qc2 Nf6 20. d6 Nce8 21. d7 Bxd7 22. fxg6+ fxg6 23. Nh5 Qe7 24. Nxg7 Qxg7 25. axb5 axb5 26. Bc5 Rf7 27. b4 Bc6 28. Bf3 Bxf3 29. Rxf3 Nh5 30. Rxf7 Qxf7 31. Qe4 Qf5 32. g4 Qxe4 33. Rd7+ Kg8 34. Nxe4 Nhf6 35. Nxf6+ Nxf6 36. Re7 Re8 37. Rb7 e4 38. Bd4 Nxg4 39. Rg7+ Kf8 40. Rxg6 h5 41. h3 Ne5 42. Rf6+ Kg8 43. Kf1 Nd3 44. Rg6+ Kf7 45. Rf6+ Kg8 46. Rg6+ Kh7 47. Rg7+ Kh6 48. Ke2 e3 49. Rg1 Nf4+ 50. Kf3 e2 51. Be3 Rxe3+ 52. Kxe3 e1=Q+ 53. Kd4 0-1

[Event "Istanbul Open 2017"]
[Site "Istanbul"]
[Date "2017.09.16"]
[Round "8"]
[White "Darban, Morteza"]
[Black "Bashirli, Nail"]
[Result "1-0"]
[WhiteElo "2300"]
[BlackElo "2352"]
[Annotator "ChessBase"]
[PlyCount "93"]
[EventDate "2017.??.??"]
[EventType "swiss"]
[EventCountry "TUR"]
[SourceTitle "playchess.com"]
[Source "ChessBase"]
[SourceQuality "1"]
[TimeControl "5400+30"]

1. e4 c5 2. Nc3 d6 3. Nge2 Nc6 4. d4 cxd4 5. Nxd4 Nf6 6. Bg5 e6 7. Qd2 a6 8. O-O-O Bd7 9. f3 b5 10. Kb1 Qc7 11. Bxb5 axb5 12. Ndxb5 Qb8 13. Nxd6+ Bxd6 14. Qxd6 Qxd6 15. Rxd6 Ne7 16. Rhd1 Bc6 17. Ne2 Rc8 18. Nd4 h6 19. Nxc6 Nxc6 20. Be3 O-O {[%emt 1:10:30]} 21. b3 {[%emt 1:38:34]} Ne8 {[%emt 0:01:30]} 22. Rd7 {[%emt 0:01:35]} Nc7 {[%emt 0:00:30]} 23. c4 {[%emt 0:00:38]} e5 {[%emt 0:00:30]} 24. a3 {[%emt 0:00:42]} Ne6 {[%emt 0:00:30]} 25. R1d5 {[%emt 0:00:44]} Rfe8 {[%emt 0:00:30]} 26. Kb2 {[%emt 0:00:10]} g5 {[%emt 0:00:30]} 27. Bb6 {[%emt 0:00:36]} Kg7 {[%emt 0:00:30]} 28. a4 {[%emt 0:00:30]} h5 {[%emt 0:00:30]} 29. Kc3 {[%emt 0:00:30]} g4 {[%emt 0:00:30]} 30. b4 {[%emt 0:00:30]} Ncd4 {[%emt 0:00:30]} 31. b5 {[%emt 0:00:30]} gxf3 {[%emt 0:00:30]} 32. gxf3 {[%emt 0:00:30]} Nxf3 {[%emt 0:00:30]} 33. a5 {[%emt 0:00:30]} Neg5 {[%emt 0:00:30]} 34. Rd8 {[%emt 0:00:30]} Nxe4+ {[%emt 0:00:30]} 35. Kb4 {[%emt 0:00:30]} Nf6 {[%emt 0:00:30]} 36. Rd1 {[%emt 0:00:30]} e4 {[%emt 0:00:30]} 37. Rxe8 {[%emt 0:00:30]} Nxe8 {[%emt 0:00:30]} 38. a6 {[%emt 0:00:30]} Kg6 {[%emt 0:00:30]} 39. Rd8 {[%emt 0:00:30]} Rxd8 {[%emt 0:00:30]} 40. Bxd8 {[%emt 0:00:30]} e3 {[%emt 0:00:30]} 41. Bb6 {[%emt 0:00:30]} e2 {[%emt 0:00:30]} 42. Bf2 {[%emt 0:00:30]} Nd6 {[%emt 0:00:30]} 43. a7 {[%emt 0:00:30]} Ne4 {[%emt 0:00:30]} 44. a8=Q {[%emt 0:00:30]} Nxf2 {[%emt 0:00:30]} 45. Qc6+ {[%emt 0:00:22]} Kg7 {[%emt 0:00:30]} 46. Qxf3 {[%emt 0:00:16]} e1=Q+ {[%emt 0:00:00]} 47. Qc3+ {[%emt 0:00:00]} 1-0

[Event "Istanbul Open 2017"]
[Site "Istanbul"]
[Date "2017.09.16"]
[Round "8"]
[White "Nuri, Murad"]
[Black "Kitir, Ahmet"]
[Result "*"]
[WhiteElo "2285"]
[BlackElo "2057"]
[Annotator "TA"]
[PlyCount "26"]
[EventDate "2017.??.??"]
[EventType "swiss"]
[EventCountry "TUR"]
[SourceTitle "playchess.com"]
[Source "ChessBase"]
[SourceQuality "1"]

{[%evp 9,9,27]} 1. Nf3 d6 2. d4 Nf6 3. c4 Nbd7 4. Nc3 e5 5. Bg5 {Find the theoretical novelty and annotate with similar games:} h6 $146 6. Bxf6 Qxf6 7. e3 Qd8 8. Qc2 g6 9. dxe5 Nxe5 10. Nxe5 dxe5 11. Bd3 Bg7 12. O-O-O Bd7 13. h4 O-O {1-0 (40) Gozzoli,Y (2586)-Edouard,R (2626) chess.com INT 2017} *

[Event "Istanbul Open 2017"]
[Site "Istanbul"]
[Date "2017.09.16"]
[Round "8"]
[White "Nuri, Murad"]
[Black "Kitir, Ahmet"]
[Result "1-0"]
[WhiteElo "2285"]
[BlackElo "2057"]
[Annotator "TA"]
[PlyCount "107"]
[EventDate "2017.??.??"]
[EventType "swiss"]
[EventCountry "TUR"]
[SourceTitle "playchess.com"]
[Source "ChessBase"]
[SourceQuality "1"]

1. Nf3 {Program Activation Required} d6 2. d4 Nf6 3. c4 Nbd7 4. Nc3 e5 5. Bg5 Be7 6. e3 c6 7. Be2 e4 {A54: Altindisch} 8. Nd2 d5 9. Bf4 $146 ({Vorgänger:} 9. a3 a6 10. Qb3 O-O 11. h4 Nb6 12. c5 Nbd7 13. Na4 Ne8 14. Bxe7 Qxe7 15. O-O-O {1-0 (62) Barsov,A (2521)-Al Hadarani,H (2255) Beirut 2011}) 9... Nf8 10. cxd5 cxd5 11. Qb3 a6 12. Be5 N8d7 13. Nxd5 Nxe5 14. Nxe7 Qxe7 15. dxe5 Qxe5 16. Nc4 Qe6 17. Qa3 Qe7 18. Nd6+ Kf8 19. Bc4 Be6 20. Bxe6 fxe6 21. O-O Rb8 22. Rac1 g6 23. Rfd1 Ne8 24. Qc3 Qf6 25. Qxf6+ Nxf6 26. Rc7 Nd5 27. Rf7+ Kg8 28. Rxb7 Rxb7 29. Nxb7 Kf7 30. Nd6+ Ke7 31. Nxe4 Rc8 32. Kf1 Rc4 33. Rd4 Rc2 34. Rd2 Rc4 35. Ng5 a5 36. h3 h6 37. Nf3 a4 38. Ke2 Kf6 39. Ne1 g5 40. Rc2 Re4 41. Nd3 h5 42. a3 Nb6 43. Nc5 Re5 44. e4 Kg6 45. Kd3 g4 46. h4 Nd5 47. Kd4 Nf4 48. Kxe5 Nxg2 49. Nxe6 Nxh4 50. Nf4+ Kg5 51. Nxh5 Nf3+ 52. Kd5 Kxh5 53. e5 Ne1 54. Rc3 1-0

[Event "Istanbul Open 2017"]
[Site "Istanbul"]
[Date "2017.09.16"]
[Round "8"]
[White "Karaokcu, Erkin"]
[Black "Iyti, Basher"]
[Result "0-1"]
[WhiteElo "2206"]
[BlackElo "2303"]
[Annotator "NA"]
[PlyCount "26"]
[EventDate "2017.??.??"]
[EventType "swiss"]
[EventCountry "TUR"]
[SourceTitle "playchess.com"]
[Source "ChessBase"]
[SourceQuality "1"]
[TimeControl "5400+30"]

1. Nf3 {[%emt 0:01:30]} Nf6 {[%emt 0:02:00]} 2. c4 {[%emt 0:01:30]} c6 {[%emt 0:00:30]} 3. g3 {[%emt 0:00:00]} d5 {[%emt 0:00:00]} 4. Bg2 {[%emt 0:00:00]} g6 {[%emt 0:03:00]} 5. Qa4 {[%emt 0:01:30]} d4 {[%emt 0:04:30]} 6. b4 {[%emt 0:05:30]} Bg7 {[%emt 0:03:30]} 7. Bb2 $11 {[%emt 0:01:30]} Nfd7 {[%emt 0:05:30]} 8. e3 {[%emt 0:03:30]} e5 {[%emt 0:00:30]} 9. exd4 {[%emt 0:01:30]} exd4 {[%emt 0:00:30]} 10. O-O {[%emt 0:00:00]} O-O {[%emt 0:00:30]} 11. Na3 {[%emt 0:03:00]} a5 {[%emt 0:05:30]} 12. Nc2 {[%emt 0:02:30]} Nb6 {[%emt 0:00:30]} 13. Qb3 {[%emt 0:00:30]} a4 {[%emt 0:01:30]} 0-1

[Event "Istanbul Open 2017"]
[Site "Istanbul"]
[Date "2017.09.16"]
[Round "8"]
[White "Grigoriev, Armen"]
[Black "Alaz, Ahmet Efekan"]
[Result "1-0"]
[WhiteElo "2143"]
[BlackElo "2053"]
[Annotator "ChessBase"]
[PlyCount "127"]
[EventDate "2017.??.??"]
[EventType "swiss"]
[EventCountry "TUR"]
[SourceTitle "playchess.com"]
[Source "ChessBase"]
[SourceQuality "1"]
[TimeControl "5400+30"]

1. c4 c6 2. Nf3 d5 3. e3 Nf6 4. b3 Bg4 5. Bb2 Nbd7 6. Be2 e6 7. d3 Be7 8. Nbd2 Qc7 9. Rc1 O-O 10. Rc2 a5 11. a3 Rfe8 12. Qa1 Rad8 13. O-O h6 14. Rfc1 Qb8 15. Bc3 Qa7 16. Bf1 Bf5 17. Bd4 Qb8 18. cxd5 exd5 19. Re1 Bd6 20. Rcc1 Bh7 21. g3 Ne5 22. Nxe5 Bxe5 23. b4 axb4 24. axb4 Nd7 25. Bxe5 Qxe5 26. d4 Qd6 27. Qc3 Ra8 28. Ra1 Bf5 29. Rec1 Nf6 30. b5 Rxa1 31. Qxa1 cxb5 32. Bxb5 Qb4 33. Bxe8 Qxd2 34. Rd1 Qe2 35. Re1 Qf3 {[%emt 1:43:39]} 36. Qd1 {[%emt 1:10:00]} Qxd1 {[%emt 0:00:30]} 37. Bxf7+ {[%emt 0:00:30]} Kxf7 {[%emt 0:00:30]} 38. Rxd1 {[%emt 0:00:30]} Ke7 {[%emt 0:00:30]} 39. f3 {[%emt 0:00:30]} Kd6 {[%emt 0:00:30]} 40. g4 {[%emt 0:00:30]} Bg6 {[%emt 0:00:30]} 41. Ra1 {[%emt 0:03:30]} Bd3 {[%emt 0:00:30]} 42. Kf2 {[%emt 0:00:30]} Nd7 {[%emt 0:01:53]} 43. Ke1 {[%emt 0:01:30]} b5 {[%emt 0:00:20]} 44. Kd2 {[%emt 0:00:00]} Bc4 {[%emt 0:00:01]} 45. Ra6+ {[%emt 0:03:00]} Ke7 {[%emt 0:00:20]} 46. Ra7 {[%emt 0:01:30]} b4 {[%emt 0:01:25]} 47. e4 {[%emt 0:01:30]} Ke8 {[%emt 0:01:18]} 48. e5 {[%emt 0:00:30]} g5 {[%emt 0:00:41]} 49. Rb7 {[%emt 0:04:30]} b3 {[%emt 0:00:02]} 50. Ke3 {[%emt 0:03:30]} Nf8 {[%emt 0:02:06]} 51. f4 {[%emt 0:00:30]} gxf4+ {[%emt 0:00:02]} 52. Kxf4 {[%emt 0:00:00]} Ne6+ {[%emt 0:00:22]} 53. Kf5 {[%emt 0:00:00]} Nxd4+ {[%emt 0:00:42]} 54. Kf6 {[%emt 0:00:00]} Nc6 {[%emt 0:01:01]} 55. Rb6 {[%emt 0:03:00]} Nd4 {[%emt 0:00:36]} 56. h4 {[%emt 0:01:30]} Bb5 {[%emt 0:00:24]} 57. e6 {[%emt 0:00:30]} Nxe6 {[%emt 0:00:35]} 58. Rxb5 {[%emt 0:01:30]} Nd4 {[%emt 0:00:13]} 59. Rxd5 {[%emt 0:01:07]} b2 {[%emt 0:00:13]} 60. Re5+ {[%emt 0:00:01]} Kf8 {[%emt 0:00:30]} 61. Re1 {[%emt 0:00:22]} Nf3 {[%emt 0:00:20]} 62. Rb1 {[%emt 0:00:30]} Nxh4 {[%emt 0:00:16]} 63. Rxb2 {[%emt 0:00:00]} Kg8 {[%emt 0:00:25]} 64. Rh2 {[%emt 0:00:00]} 1-0

[Event "Istanbul Open 2017"]
[Site "Istanbul"]
[Date "2017.09.16"]
[Round "8"]
[White "Eren, Ataberk"]
[Black "Mohannad, Farhan"]
[Result "1-0"]
[WhiteElo "2064"]
[BlackElo "2264"]
[Annotator "TA"]
[PlyCount "151"]
[EventDate "2017.??.??"]
[EventType "swiss"]
[EventCountry "TUR"]
[SourceTitle "playchess.com"]
[Source "ChessBase"]
[SourceQuality "1"]

{[%evp 24,151,47,41,51,42,50,28,58,51,37,36,43,43,59,30,38,29,39,37,54,27,28,12,34,9,15,7,8,0,0,0,0,0,28,12,38,40,61,35,43,0,49,18,37,4,27,19,24,0,5,-6,-4,-15,-15,-14,0,0,0,0,0,0,0,0,0,0,150,147,141,119,445,216,216,216,216,216,216,216,216,206,231,222,262,166,176,197,230,243,250,0,195,0,224,217,216,193,319,338,371,191,376,0,396,0,378,390,443,367,650,553,544,543,791,793,587,807,758,779,655,609,731,723,802,822,583,493,660,331,29984,29985]} 1. e4 e6 2. d4 d5 3. Nc3 dxe4 4. Nxe4 Bd7 5. Nf3 Bc6 6. Bd3 Nd7 7. Qe2 Ngf6 8. Ng3 Be7 {C10: French with 3 Nc3: Unusual Black 3rd moves and 3...dxe4} 9. c3 Bxf3 10. Qxf3 c6 11. O-O O-O 12. Re1 Re8 13. Bc2 {LiveBook: 8 Games} (13. Bf4 Bf8 14. Rad1 Qa5 15. a3 Qd5 16. Ne4 Nxe4 17. Bxe4 Qb3 18. Bc1 Nf6 {½-½ (62) Dominguez Perez,L (2719)-Gelfand,B (2758) Moscow 2009}) 13... Qb6 14. Rb1 a5 15. Be3 $146 ({Find the theoretical novelty and annotate with similar games:} 15. Ne4 Nxe4 16. Rxe4 Qd8 17. Bf4 Nf8 18. Qd3 Ng6 {½-½ (59) Vesely,E (2222)-Majer,D (2191) LSS email 2013}) 15... Qa6 16. Rbd1 a4 17. a3 Qb5 18. Bc1 Bf8 19. Bd3 Qd5 20. Ne4 Nxe4 21. Bxe4 Qa5 22. Re3 {And now Bxh7+! would win.} Nf6 23. Bb1 Bd6 24. Rde1 Qh5 25. Qxh5 Nxh5 26. Rh3 g6 27. Rf3 Kg7 28. g3 Ra5 29. c4 Rd8 30. Bd2 Raa8 31. Bc3 (31. d5 $5) 31... Kg8 32. Ba2 (32. d5 $5) 32... Re8 33. Rfe3 Ng7 34. g4 Bf4 35. Re4 Bc7 36. d5 Ba5 37. Rc1 Bxc3 38. Rxc3 c5 39. Bb1 Rad8 (39... exd5 {keeps more tension.} 40. cxd5 b6 41. Kg2 Rxe4 42. Bxe4 Ne8) 40. Bc2 $36 {[%mdl 2048] White has some pressure.} exd5 41. cxd5 Rxd5 42. Rxe8+ Nxe8 43. Bxa4 $11 {[%mdl 4096] Endgame KRB-KRN} Nd6 44. Bb3 Re5 {[#]} (44... Rd2 $11) 45. Rd3 $1 $16 {[%cal Rd3d6]} Ne4 46. Rd7 {f4 is the strong threat.} b5 $2 {[%mdl 8192]} (46... Ng5 $16) 47. Bxf7+ (47. f4 $142 Nf6 48. Bxf7+ (48. Rxf7 Re3 $16) 48... Kg7 49. Rc7 (49. fxe5 Nxd7 50. Be8 Nxe5 $16)) 47... Kf8 $18 {[#]} 48. f4 $1 {[%cal Rf4e5]} Re7 49. Rxe7 Kxe7 {KB-KN} 50. Bd5 Nf6 51. Bf3 Kd6 52. Kf2 Nd7 53. Ke3 Nb6 {intending ...Nc4+.} 54. Be2 Nd5+ 55. Ke4 Nf6+ 56. Ke3 Nd5+ $1 57. Ke4 Nf6+ 58. Kf3 c4 59. Ke3 Kc5 (59... Nd5+ $142 60. Ke4 Nb6) 60. Bf3 Nd7 61. Bd1 (61. g5 $142) 61... Kd5 $2 (61... Nf6 62. f5 gxf5) 62. Bf3+ $2 ({Better is} 62. g5 $18) 62... Kd6 $2 {[%mdl 8192]} (62... Kc5 $11) 63. Bd1 $2 ({White should play} 63. g5 $18) 63... Nc5 $2 {[%mdl 8192]} (63... Kd5 $1 $11 {and Black stays safe.}) 64. Bc2 Nd7 65. g5 Nc5 $2 (65... Nf8 66. h4 Nd7) 66. h4 Ke6 67. Kd4 Nb7 68. a4 bxa4 69. Kxc4 Nd6+ 70. Kb4 Kd5 71. Kxa4 Kd4 72. Kb4 Nc4 73. f5 gxf5 74. Bxf5 Nxb2 75. Bxh7 {Black must now prevent g6.} Ke5 $2 (75... Nc4 $18 76. Bb1 (76. g6 Ne5 $18) 76... Ne5) 76. Bc2 {Precision: White = 42%, Black = 36%.} 1-0

[Event "Istanbul Open 2017"]
[Site "Istanbul"]
[Date "2017.09.16"]
[Round "8"]
[White "Eren, Ataberk"]
[Black "Mohannad, Farhan"]
[Result "*"]
[WhiteElo "2064"]
[BlackElo "2264"]
[Annotator "TA"]
[PlyCount "36"]
[EventDate "2017.??.??"]
[EventType "swiss"]
[EventCountry "TUR"]
[SourceTitle "playchess.com"]
[Source "ChessBase"]
[SourceQuality "1"]

{[%evp 15,16,29,44]} 1. e4 e6 2. d4 d5 3. Nc3 dxe4 4. Nxe4 Bd7 5. Nf3 Bc6 6. Bd3 Nd7 7. Qe2 Ngf6 8. Ng3 Be7 {LiveBook: 15 Games. C10: French with 3 Nc3: Unusual Black 3rd moves and 3...dxe4} {Find the theoretical novelty and annotate with similar games:} 9. O-O $146 Bxf3 10. Qxf3 c6 11. c4 O-O 12. b3 a5 13. Rb1 Re8 14. Be3 Bf8 15. Rfd1 Qc7 16. Bc2 Rac8 17. Ne2 g6 18. h3 Bg7 {0-1 (40) Kovalev,V (2574)-Drazic,S (2441) Al Ain 2013} *

[Event "Istanbul Open 2017"]
[Site "Istanbul"]
[Date "2017.09.16"]
[Round "8"]
[White "Kocak, Can"]
[Black "Ulas, Soner Ilhan"]
[Result "1-0"]
[WhiteElo "1971"]
[BlackElo "1827"]
[Annotator "NA RC"]
[PlyCount "46"]
[EventDate "2017.??.??"]
[EventType "swiss"]
[EventCountry "TUR"]
[SourceTitle "playchess.com"]
[Source "ChessBase"]
[SourceQuality "1"]
[TimeControl "5400+30"]

{[%evp 8,63,25,0,30,12,32767,32767,32767,32767,32767,32767,32767,32767,32767,32767,32767,32767,32767,32767,32767,32767,32767,32767,32767,32767,32767,32767,32767,32767,32767,32767,32767,32767,32767,63,32767,32767,32767,32767,23,32767,32767,-995,32767,32767,129,146,159,147,148,141,151,160,32767,32767,985,1116]} 1. e4 {[%emt 0:00:30]} Nc6 {[%emt 0:17:00]} 2. d4 {[%emt 0:00:00]} d5 {[%emt 0:00:30]} 3. e5 {[%emt 0:03:00]} Bf5 {[%emt 0:00:00]} 4. Nf3 {[%emt 0:01:30]} e6 {[%emt 0:00:30]} 5. Be2 {[%emt 0:00:30]} Nge7 {[%emt 0:01:30] LiveBook: 4 Games B00: Queen's Fianchetto Defence, Nimzowitsch Defence} (5... f6 6. Be3 fxe5 7. dxe5 Bg4 8. Nbd2 Nge7 9. Ng5 Nf5 10. Nxe6 Nxe3 11. Nxd8 Nxd1 12. Nxc6 Nxf2 13. Kxf2 {½-½ (67) Martinovic,S (2537)-Stevic,H (2620) Porec 2014}) 6. Nh4 {[%emt 0:01:30]} Bg6 {[%emt 0:03:30]} 7. c3 {[%emt 0:00:30]} Nf5 {[%emt 0:00:30]} 8. Nxg6 {[%emt 0:00:30]} hxg6 {[%emt 0:00:30]} 9. Nd2 $146 {[%emt 0:02:30]} ({Predecessor:} 9. Na3 a6 10. Nc2 Qh4 11. Ne3 Nxe3 12. Bxe3 Ne7 13. Qd2 f6 14. exf6 gxf6 {½-½ (75) Paktinat,Z (1552)-Berdnyk,M Al Ain 2013}) 9... Be7 {[%emt 0:02:30]} 10. Nf3 {[%emt 0:00:30]} a6 {[%emt 0:03:30]} 11. Qb3 {[%emt 0:03:30]} O-O {[%emt 0:03:30]} 12. h4 {[%emt 0:07:30]} Nxh4 {[%emt 0:03:30]} 13. Nxh4 {[%emt 0:01:30]} Bxh4 {[%emt 0:00:30]} 14. Qxb7 {[%emt 0:00:30]} Qd7 {[%emt 0:01:30]} 15. Qb3 {[%emt 0:01:30]} Be7 {[%emt 0:02:30]} 16. Qc2 {[%emt 0:05:30]} f5 {[%emt 0:06:30]} 17. exf6 {[%emt 0:00:30]} Rxf6 {[%emt 0:00:00]} 18. Bd3 {[%emt 0:01:30]} e5 {[%emt 0:00:00]} 19. dxe5 {[%emt 0:13:30]} Nxe5 {[%emt 0:00:30]} 20. Be3 {[%emt 0:01:30]} Qg4 {[%emt 0:07:30]} 21. Be2 {[%emt 0:03:30]} Qxg2 {[%emt 0:01:30]} 22. O-O-O {[%emt 0:00:30]} Qe4 {[%emt 0:00:30]} 23. Qb3 {[%emt 0:01:30] [#]} c6 $2 {[%emt 1:40:58]} ({Black should try} 23... Rxf2 $1 $19 {[%mdl 512]} 24. Qxd5+ (24. Bxf2 Bg5+) 24... Qxd5 25. Rxd5 Rxe2 26. Rxe5 Bf6) 1-0